000 01569cam a22004694i 4500
003 PE-LiUPU
005 20250731173539.0
008 150616s r 000 0 d
020 _a0963383116
035 _a(Sirsi) i9780963383112
040 _aPE-LiUPU
_bspa
_cPE-LiUPU
_erda
049 _aPRUA
082 0 4 _a248.4
_bK68
_221
100 1 _aKoch, Ruth N.,
_eautor.
245 1 0 _aSpeaking the Truth in Love.
264 1 _aSt. Louis, Missouri :
_bStephen Ministries,
_c1992.
300 _a200 páginas ;
_c22 centímetros
336 _atext
_2rdacontent
337 _aunmediated
_2rdamedia
338 _avolume
_2rdacarrier
505 0 _aWhat is assertiveness?.- Assertiveness is biblical.- Techniques of assertiveness.- Opportunities for assertiveness.- The assertive, loving christian.
526 _aSEG42
526 _aSEG41
526 _aSEG40
526 _aSEG39
526 _aP94
526 _aP87
526 _aP86
526 _aP85
526 _aP77
526 _aP76
526 _aP35
650 0 4 _aVIDA CRISTIANA.
700 1 _aKenneth C. Haugk.
910 _ajck
_bjvq
_cjck
942 _2ddc
_cBOOK
949 _a248.4 K68
_wDEWEY
_c1
_i42532
_lCCODEBUL1
_mBUL
_r0
_sY
_tBOOK
_u2015-6-16
_xTEOLOGIA
_zUNKNOWN
_0COMPRA
_o.STAFF. Colección General
994 _aC0
_bPEPRU
596 _a1
999 _a248.4 K68
_wDEWEY
_c60363
_i42532
_f2021-11-11
_g5
_lCCODEBUL1
_mBUL
_r0
_sY
_tBOOK
_u2015-6-16
_xTEOLOGIA
_zUNKNOWN
_0COMPRA
_o.STAFF. Colección General
_d60363
980 _81
_gALBERTO SANCHEZ Responsable de Automatización